El Sistema Universitario ante las demandas de democratización y de formación de recursos humanos en Costa Rica: III
সংরক্ষণ করুন:
| বিন্যাস: | পাঠ্য |
|---|---|
| প্রকাশিত: |
s.l.:
s.e.
|
| ট্যাগগুলো: |
ট্যাগ যুক্ত করুন
কোনো ট্যাগ নেই, প্রথমজন হিসাবে ট্যাগ করুন!
|
MARC
| LEADER | 00000 a a2200000 04500 | ||
|---|---|---|---|
| 001 | 21637 | ||
| 003 | |||
| 040 | |||
| 090 | |a 096300 | ||
| 245 | |a El Sistema Universitario ante las demandas de democratización y de formación de recursos humanos en Costa Rica: III | ||
| 260 | |a s.l.: |b s.e. | ||
| 300 | |a 48 h. | ||
| 999 | |c 4805 |d 4805 | ||
